Score 0/16 Timer 02:00
0 Plays Today
Hint 4-Letter Word % Correct
Bird of peaceDOVE
96.2%
Plunge headfirstDIVE
96.1%
'Why ___ we be friends?'CAN'T
94.9%
Sugar plantCANE
94.5%
In addition to the existing [rung 1] ___ coin,
US Congress authorized a new [rung 9] [rung 16] coin
💰DIME💰
94.2%
Monetary penaltyFINE
94.1%
Female equivalent of a knightDAME
93.6%
Small inletCOVE
92.9%
Hint 4-Letter Word % Correct
Roadwork markerCONE
92.3%
Silent actorMIME
91.8%
Chip's cartoon buddyDALE
90.8%
War hazardMINE
90.7%
In addition to the existing [rung 1][rung 5] coin,
US Congress authorized a new ___ [rung 16] coin
💰FIVE💰
88.7%
In addition to the existing [rung 1][rung 5] coin,
US Congress authorized a new [rung 9] ___ coin
💰CENT💰
80.7%
Healthy; ___ and heartyHALE
73.5%
In addition to the existing ___ [rung 5] coin,
US Congress authorized a new [rung 9] [rung 16] coin
💰HALF💰
65.8%

Today's Daily Dose

Missing Word
'T' Pairs

Word Ladder
Game Pieces

Get the Picture
Baseball Movies

Remove Ads.
Support Sporcle.
Get the best of Sporcle when you Go Orange. This ad-free experience offers more features, more stats, and more fun while also helping to support Sporcle. Thank you for becoming a member.

You're not logged in!

Compare scores with friends on all Sporcle quizzes.
OR
Log In

Show Comments

Extras

Top Quizzes Today


Score Distribution

Your Account Isn't Verified!

In order to create a playlist on Sporcle, you need to verify the email address you used during registration. Go to your Sporcle Settings to finish the process.

Report this User

Report this user for behavior that violates our Community Guidelines.

Details: